| 000 | 00587nam a2200193Ia 4500 | ||
|---|---|---|---|
| 003 | GCL | ||
| 008 | 140319s9999 xx 000 0 ara d | ||
| 020 | _a3138411701 | ||
| 040 |
_aGCL / _cGCL |
||
| 082 | 0 | 4 |
_a928.11 _bج ن |
| 100 | 1 | _aجهاد فاضل | |
| 245 | 1 | 0 |
_aنزار قبانى : _bالوجه الاخر / _cجهاد فاضل |
| 250 | _aالاولى | ||
| 260 |
_aبيروت : _bمؤسسة الانتشار العربى ، _c2000 |
||
| 300 |
_a204 ص ؛ _c24 سم |
||
| 650 | 0 | 4 | _aنزار قبانى |
| 650 | 0 | 4 | _aالشعراء العرب - تراجم |
| 942 |
_2ddc _cBK |
||
| 999 |
_c8038 _d8038 |
||